| 000 | 00000nam##2200000za#4500 |
| 001 | 9.572840 |
| 003 | CaOODSP |
| 005 | 20210624183419 |
| 007 | cr ||||||||||| |
| 008 | 150406|2010||||xxc|||||o f|0| 0 eng|d |
| 040 | |aCaOODSP|beng |
| 043 | |an-cn--- |
| 086 | 1 |aFs97-13/1227E-PDF |
| 110 | 1 |aCanada. |bDepartment of Fisheries and Oceans. |
| 245 | 10|aCFV Viking Storm Gulf of Alaska salmon survey, June 18 - July 5, 2008 / |h[electronic resource]|cby J.F.T. Morris ... [et al.]. |
| 260 | |aNanaimo - British Columbia : |bFisheries and Oceans Canada |c2010. |
| 300 | |a228p.|bfigs., graphs, references, tables |
| 490 | 1 |aCanadian data report of fisheries and aquatic sciences|vNo. 1227 |
| 500 | |aThe catalogue number (Fs 97-13/1227E) for the print edition has been incorrectly copied in this electronic publication. |
| 546 | |a(Résumé en français) |
| 590 | |a12-31-Supp|b2012-07-06 |
| 720 | 1 |aMorris, J. F. T. |
| 830 | #0|aCanadian data report of fisheries and aquatic sciences ;|vNo. 1227|w(CaOODSP)9.505124 |
| 856 | 40|ahttp://publications.gc.ca|qPDF|s1646 KB|uhttps://publications.gc.ca/collections/collection_2012/mpo-dfo/Fs97-13-1227-eng.pdf|yNo. 1227 |